| 000 | 00431cam a2200169ua 4500 | ||
|---|---|---|---|
| 020 | _c595.00 | ||
| 041 |
_aeng _h |
||
| 082 |
_a631.8 _bKOL/MA |
||
| 100 | _aKolay, A.K . | ||
| 245 |
_aManures and fertilizers / _cA.K Kolay. _hTextual Documents |
||
| 260 |
_aNew Delhi : _bAtlantic publishers and distributers , _c2007. |
||
| 300 |
_a173 ; _e`. |
||
| 365 | _a595.00 | ||
| 504 | _a | ||
| 942 | _cBK | ||
| 999 |
_c13078 _d13078 |
||